000 00720nam a2200289Ia 4500
005 20260324114031.0
008 008 260324s9999 xx 000 0 eng d
020 _a9781003446620
037 _aEBOOK
040 _aCRL
040 _beng
040 _cCRL
041 _2eng
041 _aeng
084 _qCRL
100 _aTyler Hallmark; Sonja Ardoin; Darris R. Means
_91149160
245 0 _aRace and Rurality
245 0 _bConsiderations for Advancing Higher Education Equity
260 _bTaylor and Francis
260 _c2023
365 _a
365 _b230
856 _uhttp://www.taylorfrancis.com/books/9781003446620
942 _cEBOOK
999 _c1739126
_d1739126